000 00662nam a2200205 a 4500
005 20210223123059.0
008 991125s1975 fr 000 0 eng u
020 _a9280310690
035 _aUPN01000046911
049 _aUNE
050 4 _aLB2830.5
_bB4.6
100 1 _aBennett, Nicholas,
_d1942-2010
_935365
245 1 0 _aProblems of financing the thai educational system during the 1960 and 1970s /
_cNicholas Bennett.
260 _aParĂ­s :
_bUNESCO,
_c1975.
300 _a235 P.
440 0 _aFinancing educational systems : country case studies ;
_v3
650 4 _aEDUCACION -
_xFINANZAS
_92410
650 4 _aEDUCACION -
_zTAILANDIA
_917283
905 _aLibro
999 _c46911
_d46911